Mészöly Gedeon a tanárvizsgáló bizottság elnöke [rövid hír]
Elmentve itt :
| Dokumentumtípus: | Cikk |
|---|---|
| Megjelent: |
1934-03-01
|
| Sorozat: | Délmagyarország
10 No. 48 |
| Kulcsszavak: | Mészöly Gedeon, Oktatás |
| Online Access: | http://dmarchiv.bibl.u-szeged.hu/32522 |
| LEADER | 00453nab a2200145 i 4500 | ||
|---|---|---|---|
| 001 | delm32522 | ||
| 005 | 20180927105639.0 | ||
| 008 | 180927s1934 hu o 0|| hun d | ||
| 040 | |a SZTE Délmagyarország Archívum |b hun | ||
| 041 | |a hun | ||
| 245 | 0 | 0 | |a Mészöly Gedeon a tanárvizsgáló bizottság elnöke |h [elektronikus dokumentum] : |b [rövid hír] |
| 260 | |c 1934-03-01 | ||
| 300 | |a 7 | ||
| 490 | 0 | |a Délmagyarország |v 10 No. 48 | |
| 695 | |a Mészöly Gedeon, Oktatás | ||